Animals by Picture - Statistics

General Stats
  • This quiz has been taken 149 times
  • The average score is 14 of 15
Answer Stats
Picture Answer % Correct
Cat
99%
Dog
99%
Bear
98%
Cow
98%
Horse
98%
Lion
98%
Rabbit
98%
Tiger
98%
Panda Bear
97%
Zebra
96%
Chicken
95%
Giraffe
95%
Deer
94%
Eagle
94%
Hedgehog
83%
No matching quizzes found
Score Distribution
Percent of People with Each Score
Percentile by Number Answered
Your Score History
You have not taken this quiz